00284nam a22001217a 4500003000400000020001800004082001600022100002300038245005300061250001200114260002800126300000800154SGT a9789356963627 a615.7bP24U aUdaykumar, Padmaja aPharmacology for Dental & Allied Health Sciences a5th Ed. bJaypee Publishersc2024 a470